| 000 | 00731nam a2200229 a 4500 | ||
|---|---|---|---|
| 001 | BRL_1168 | ||
| 005 | 20190320211050.0 | ||
| 008 | 211113s1971----it-a######---#000-0#spa-# | ||
| 041 | _aspa | ||
| 044 | _ait | ||
| 050 | 4 |
_aNA5065 _b.S45 1971 |
|
| 100 | 1 |
_aSeidel, Max _925988 |
|
| 245 | 1 | 0 |
_aEl Púlpito de Nicola Pisano _ben la catedral de Siena _cTexto de Max seidel. |
| 260 |
_aItaly _b[Opera Metropolitana de Siena] _c1971 |
||
| 300 |
_a[45] p. _bil., 28 láminas (algunas a color) _c20 cm. |
||
| 500 | _aAu1364 | ||
| 650 | 1 | 4 |
_aPúlpito de Nicola Pisano _zSiena (Italia) _925989 |
| 650 | 1 | 4 |
_aPulpitos _zSiena (Italia) _925990 |
| 650 | 1 | 4 |
_aArte y simbolísmo cristiano _zSiena (Italia) _925991 |
| 902 | _aGRL | ||
| 942 |
_2lcc _cB |
||
| 999 |
_c9980 _d9980 |
||